[Event "Alexandria op 22nd"]
[Site "Alexandria"]
[Date "2017.08.02"]
[Round "1"]
[White "Abd Elsalam, Mohamed"]
[Black "Zayan, Osama"]
[Result "0-1"]
[WhiteElo "1863"]
[BlackElo "2197"]
[PlyCount "60"]
[EventDate "2017.08.02"]
[EventType "swiss"]
[EventRounds "10"]
[EventCountry "EGY"]
[SourceTitle "CBM 180 Extra"]
[Source "ChessBase"]
[SourceDate "2017.10.06"]
[SourceVersion "1"]
[SourceVersionDate "2017.10.06"]
[SourceQuality "1"]

1. c4 e5 2. e4 Nf6 3. Nc3 Bc5 4. d3 d6 5. h3 c6 6. Nge2 Qb6 7. f4 Bf2+ 8. Kd2 Na6 9. a3 Nc5 10. b4 Ne6 11. fxe5 dxe5 12. c5 Qd8 13. Kc2 b6 14. cxb6 axb6 15. g4 0-0 16. g5 Ne8 17. h4 Nd6 18. Bh3 Nd4+ 19. Kb2 N6b5 20. a4 Nxe2 21. Nxe2 Bd4+ 22. Kb3 Bxa1 23. axb5 Bxh3 24. Rxh3 Qd7 25. Qf1 cxb5 26. Qf5 Qa7 27. Kc2 Qa4+ 28. Kd2 Qxb4+ 29. Ke3 Qe1 30. Bd2 Bd4+ 0-1

[Event "Anogia op 4th"]
[Site "Anogia"]
[Date "2015.07.16"]
[Round "9"]
[White "Mavrikakis, Georgios"]
[Black "Zayan, Osama"]
[Result "1/2-1/2"]
[WhiteElo "1920"]
[BlackElo "2215"]
[PlyCount "99"]
[EventDate "2015.07.09"]
[EventType "swiss"]
[EventRounds "9"]
[EventCountry "GRE"]
[SourceTitle "CBM 167 Extra"]
[Source "ChessBase"]
[SourceDate "2015.09.14"]
[SourceVersion "1"]
[SourceVersionDate "2015.09.14"]
[SourceQuality "1"]

1. e4 c5 2. Nf3 Nc6 3. Bb5 g6 4. 0-0 Bg7 5. Nc3 Nd4 6. Bc4 e6 7. d3 Ne7 8. Bf4 d6 9. Nxd4 cxd4 10. Nb5 e5 11. Bg5 a6 12. Na3 h6 13. Qf3 0-0 14. Bf6 b5 15. Bb3 Be6 16. Nb1 Qd7 17. h3 g5 18. Bxe7 Qxe7 19. c3 Rfc8 20. Bxe6 fxe6 21. Qd1 dxc3 22. Nxc3 Rc5 23. Rc1 Rac8 24. Qb3 Qd7 25. Ne2 d5 26. Rxc5 Rxc5 27. Rc1 Rxc1+ 28. Nxc1 Qc6 29. Qc3 Qxc3 30. bxc3 Bf8 31. Nb3 Kf7 32. Kf1 Ke8 33. Ke2 Kd7 34. Nd2 Kc6 35. Nf3 Bg7 36. Kd2 Kc5 37. Kc2 a5 38. a3 Bf6 39. Kb3 a4+ 40. Kc2 Bg7 41. Kb2 Kd6 42. Nh2 Ke7 43. Ng4 d4 44. Nh2 Kf6 45. c4 bxc4 46. dxc4 Ke7 47. Nf3 Kd6 48. Kc2 Kc5 49. Kd3 Bf6 50. g4 1/2-1/2

[Event "Anogia op 4th"]
[Site "Anogia"]
[Date "2015.07.15"]
[Round "8"]
[White "Zayan, Osama"]
[Black "Eleftherakis, Stavros"]
[Result "1-0"]
[WhiteElo "2215"]
[BlackElo "1886"]
[PlyCount "73"]
[EventDate "2015.07.09"]
[EventType "swiss"]
[EventRounds "9"]
[EventCountry "GRE"]
[SourceTitle "CBM 167 Extra"]
[Source "ChessBase"]
[SourceDate "2015.09.14"]
[SourceVersion "1"]
[SourceVersionDate "2015.09.14"]
[SourceQuality "1"]

1. e4 e6 2. d4 d5 3. Nd2 dxe4 4. Nxe4 Nd7 5. Nf3 Ngf6 6. Nxf6+ Nxf6 7. Bg5 h6 8. Bh4 c5 9. Bb5+ Bd7 10. Bxd7+ Qxd7 11. Qe2 Be7 12. 0-0-0 0-0 13. Ne5 Qc7 14. dxc5 Qxc5 15. Kb1 Qb4 16. c4 Rfd8 17. f4 a5 18. g4 a4 19. g5 Nh7 20. a3 Qb3 21. g6 Bxh4 22. gxf7+ Kf8 23. Ng6+ Kxf7 24. Nxh4 Nf6 25. Nf3 Rac8 26. Rhe1 Ne4 27. Ne5+ Ke7 28. Ka1 Nc5 29. Qh5 g6 30. Nxg6+ Kf6 31. Ne5 Rxd1+ 32. Rxd1 Rf8 33. Qg6+ Ke7 34. Qg7+ Ke8 35. Qg6+ Ke7 36. Qg7+ Ke8 37. Rd7 1-0

[Event "Anogia op 4th"]
[Site "Anogia"]
[Date "2015.07.12"]
[Round "5"]
[White "Spyropoulos, Nikolaos"]
[Black "Zayan, Osama"]
[Result "1/2-1/2"]
[WhiteElo "1917"]
[BlackElo "2215"]
[PlyCount "82"]
[EventDate "2015.07.09"]
[EventType "swiss"]
[EventRounds "9"]
[EventCountry "GRE"]
[SourceTitle "CBM 167 Extra"]
[Source "ChessBase"]
[SourceDate "2015.09.14"]
[SourceVersion "1"]
[SourceVersionDate "2015.09.14"]
[SourceQuality "1"]

1. e4 c5 2. Nf3 Nc6 3. d4 cxd4 4. Nxd4 Qb6 5. Nb3 Nf6 6. Nc3 e6 7. Be3 Qc7 8. a3 Be7 9. Be2 0-0 10. 0-0 Rd8 11. f4 d5 12. e5 Nd7 13. Nb5 Qb8 14. Bd3 a6 15. N5d4 Nxd4 16. Bxd4 g6 17. Qe2 b6 18. g4 Nc5 19. Qf2 Nxb3 20. cxb3 Bc5 21. f5 Bxd4 22. Qxd4 b5 23. Qf4 Qa7+ 24. Kh1 d4 25. Rac1 Qd7 26. h4 Bb7+ 27. Kh2 Rac8 28. Rce1 Rc7 29. h5 Qe7 30. Kh3 Bd5 31. Qh6 Qf8 32. Qg5 Qe7 33. f6 Qe8 34. Rf2 Bxb3 35. Ref1 Rdd7 36. hxg6 fxg6 37. f7+ Rxf7 38. Bxg6 hxg6 39. Qxg6+ Kf8 40. Qh6+ Kg8 41. Qg6+ Kf8 1/2-1/2

[Event "Anogia op 4th"]
[Site "Anogia"]
[Date "2015.07.11"]
[Round "4"]
[White "Tsekmes, Dimitrios"]
[Black "Zayan, Osama"]
[Result "1-0"]
[WhiteElo "1979"]
[BlackElo "2215"]
[PlyCount "113"]
[EventDate "2015.07.09"]
[EventType "swiss"]
[EventRounds "9"]
[EventCountry "GRE"]
[SourceTitle "CBM 167 Extra"]
[Source "ChessBase"]
[SourceDate "2015.09.14"]
[SourceVersion "1"]
[SourceVersionDate "2015.09.14"]
[SourceQuality "1"]

1. e4 e5 2. Nf3 Nc6 3. Bb5 f5 4. d3 fxe4 5. dxe4 Nf6 6. 0-0 Bc5 7. Qd3 d6 8. Qc4 Bb6 9. Nc3 Bd7 10. Ng5 Qe7 11. Nd5 Nxd5 12. exd5 Nd4 13. Bxd7+ Kxd7 14. c3 h6 15. cxd4 hxg5 16. dxe5 Qxe5 17. Qg4+ Ke8 18. g3 Qxd5 19. Bxg5 Kf8 20. Rae1 Qf7 21. Re4 Kg8 22. Rf4 Qxa2 23. Re1 Rh7 24. Re7 Kh8 25. Bf6 Qb1+ 26. Kg2 gxf6 27. Qe6 Rxe7 28. Qxe7 Qh7 29. Qxf6+ Qg7 30. Rh4+ Kg8 31. Qe6+ Qf7 32. Rh8+ Kxh8 33. Qxf7 Rg8 34. h4 Rg7 35. Qf6 Kg8 36. h5 Rf7 37. Qg6+ Kf8 38. f4 Bd4 39. h6 Bxb2 40. h7 Bg7 41. Qh6 Bxh6 42. h8Q+ Ke7 43. Qxh6 c5 44. Qg5+ Ke6 45. Qg6+ Ke7 46. f5 Rf6 47. Qh7+ Rf7 48. Qh4+ Kd7 49. Qe4 Kc7 50. Qe6 Rd7 51. f6 a5 52. f7 Rxf7 53. Qxf7+ Kc6 54. g4 b5 55. g5 c4 56. g6 c3 57. g7 1-0

[Event "Anogia op 4th"]
[Site "Anogia"]
[Date "2015.07.10"]
[Round "3"]
[White "Zayan, Osama"]
[Black "David, Alberto"]
[Result "0-1"]
[WhiteElo "2215"]
[BlackElo "2575"]
[PlyCount "182"]
[EventDate "2015.07.09"]
[EventType "swiss"]
[EventRounds "9"]
[EventCountry "GRE"]
[SourceTitle "CBM 167 Extra"]
[Source "ChessBase"]
[SourceDate "2015.09.14"]
[SourceVersion "1"]
[SourceVersionDate "2015.09.14"]
[SourceQuality "1"]

1. e4 c6 2. d4 d5 3. Nc3 dxe4 4. Nxe4 Nd7 5. Bd3 Ngf6 6. Ng5 e6 7. Qe2 Bd6 8. N1f3 h6 9. Ne4 Nxe4 10. Qxe4 Qc7 11. c3 c5 12. 0-0 a6 13. Re1 cxd4 14. cxd4 Nf6 15. Qh4 Bd7 16. Ne5 Bb5 17. Qg3 Rg8 18. Bxb5+ axb5 19. Qb3 Qa5 20. Bd2 Qa4 21. Nxf7 Bxh2+ 22. Kxh2 Qxb3 23. Nd6+ Kd7 24. axb3 Rxa1 25. Rxa1 Kxd6 26. Bf4+ Kd7 27. Rc1 Nd5 28. Be5 g5 29. g4 Ra8 30. Kg3 Ra2 31. Rb1 Ke7 32. Bg7 Ra8 33. Rh1 Kf7 34. Be5 Kg6 35. Rc1 Ra2 36. Rb1 Ra8 37. Rc1 Ra2 38. Rb1 Nb4 39. Bd6 Nd3 40. Rd1 Ra6 41. Rxd3 Rxd6 42. Kf3 b4 43. Ke4 Rc6 44. Ke5 Kg7 45. Rf3 Ra6 46. Rh3 Rc6 47. Rh2 Kg6 48. Rh3 Kg7 49. Rd3 Ra6 50. Rf3 Rb6 51. Rh3 Rc6 52. Rg3 Ra6 53. Rg1 Kf7 54. Rc1 Ra2 55. Rc7+ Kg6 56. Rc2 Kf7 57. Kd6 Ra6+ 58. Kc7 Ra1 59. Kxb7 Rg1 60. f3 Rf1 61. Rc4 Rxf3 62. Rxb4 Rg3 63. Kc6 Rxg4 64. Rc4 h5 65. b4 e5 66. b5 Rxd4 67. Rc5 Rb4 68. Rxe5 Kf6 69. Re2 h4 70. Kc5 Ra4 71. b6 Ra8 72. b7 Rb8 73. Kc6 g4 74. Kc7 Rxb7+ 75. Kxb7 h3 76. Rh2 Kg5 77. b4 Kh4 78. Rc2 g3 79. Rc4+ Kg5 80. Rc5+ Kf4 81. Rc4+ Ke5 82. Rh4 g2 83. Rxh3 g1Q 84. Rh5+ Kd4 85. Rh4+ Kd5 86. b5 Qg7+ 87. Kc8 Qf8+ 88. Kd7 Qd6+ 89. Ke8 Qe6+ 90. Kd8 Qf6+ 91. Kc7 Qxh4 0-1

[Event "Abu Dhabi op 22nd"]
[Site "Abu Dhabi"]
[Date "2014.08.24"]
[Round "5"]
[White "Zayan, Osama"]
[Black "Gagare, Shardul"]
[Result "1/2-1/2"]
[WhiteElo "2208"]
[BlackElo "2421"]
[PlyCount "128"]
[EventDate "2014.08.20"]
[EventType "swiss"]
[EventRounds "9"]
[EventCountry "UAE"]
[SourceTitle "CBM 162 Extra"]
[Source "ChessBase"]
[SourceDate "2014.10.17"]
[SourceVersion "1"]
[SourceVersionDate "2014.10.17"]
[SourceQuality "1"]

1. e4 c5 2. Nf3 d6 3. Bb5+ Bd7 4. Bxd7+ Qxd7 5. c4 Nc6 6. 0-0 g6 7. d4 cxd4 8. Nxd4 Bg7 9. Be3 Nf6 10. f3 0-0 11. Nc3 a6 12. b3 b5 13. Nd5 Nxd5 14. cxd5 Nxd4 15. Bxd4 Rfc8 16. Bxg7 Kxg7 17. Qd4+ Kg8 18. Rfc1 Rxc1+ 19. Rxc1 Rc8 20. Rxc8+ Qxc8 21. Qb6 Qc1+ 22. Kf2 Qd2+ 23. Kg3 Kg7 24. h4 f5 25. Qxa6 Qe1+ 26. Kh2 Qxh4+ 27. Kg1 Qe1+ 28. Kh2 fxe4 29. fxe4 Qh4+ 30. Kg1 Qe1+ 31. Kh2 b4 32. Qd3 Qc3 33. Qe2 h5 34. Kg1 Qd4+ 35. Kf1 Kf6 36. Qf3+ Ke5 37. Qg3+ Kxe4 38. Qxg6+ Kxd5 39. Qxh5+ Qe5 40. Qf7+ Qe6 41. Qh5+ Kd4 42. Qd1+ Kc5 43. Qc2+ Kb6 44. Qf2+ Kb5 45. Qa7 Qf5+ 46. Ke2 Qe4+ 47. Kf1 Qb1+ 48. Ke2 Qe4+ 49. Kf1 Qb1+ 50. Ke2 Qc2+ 51. Kf1 Qc1+ 52. Ke2 Qc2+ 53. Kf1 Qc1+ 54. Ke2 Qb2+ 55. Kf1 e5 56. Qa4+ Kc5 57. Qa5+ Kc6 58. Qa4+ Kc5 59. Qa5+ Kc6 60. Qa4+ Kc5 61. Qa5+ Kc6 62. Qa4+ Kc5 63. Qa5+ Kc6 64. Qa4+ Kc5 1/2-1/2

[Event "Al Ain op 2nd"]
[Site "Al Ain"]
[Date "2013.12.28"]
[Round "9"]
[White "Zayan, Osama"]
[Black "Pourkashiyan, Atousa"]
[Result "1-0"]
[WhiteElo "2234"]
[BlackElo "2334"]
[PlyCount "103"]
[EventDate "2013.12.19"]
[EventType "swiss"]
[EventRounds "9"]
[EventCountry "UAE"]
[SourceTitle "CBM 158 Extra"]
[Source "ChessBase"]
[SourceDate "2014.02.28"]
[SourceVersion "1"]
[SourceVersionDate "2014.02.28"]
[SourceQuality "1"]

1. e4 c5 2. Nf3 e6 3. d4 cxd4 4. Nxd4 a6 5. Bd3 Bc5 6. Nb3 Be7 7. Qe2 d6 8. c4 Nf6 9. Nc3 Qc7 10. Bf4 Nbd7 11. Rc1 0-0 12. 0-0 b6 13. h3 Bb7 14. Nd2 Rac8 15. b3 Rfe8 16. Rfd1 Qb8 17. Nf1 Bc6 18. Ne3 Ne5 19. a4 Qa8 20. f3 Nfd7 21. Bc2 Red8 22. Bg3 Nf6 23. f4 Ned7 24. Ned5 Bf8 25. Nxf6+ Nxf6 26. e5 dxe5 27. fxe5 Nd7 28. Bh4 g6 29. Bxd8 Rxd8 30. Be4 Nxe5 31. Rxd8 Qxd8 32. Rd1 Qc7 33. Bxc6 Nxc6 34. Ne4 Bg7 35. Qf3 Qe7 36. Nf6+ Bxf6 37. Qxc6 Qb4 38. Qf3 Kg7 39. Kh1 Qc5 40. Rf1 Qe7 41. Qf2 Qd8 42. b4 e5 43. c5 bxc5 44. bxc5 e4 45. c6 e3 46. Qxe3 Qc7 47. Qe8 Qg3 48. Qd7 Kh6 49. Qg4 Qc3 50. Qf3 Qxf3 51. Rxf3 Be5 52. Rxf7 1-0

[Event "Al Ain op 2nd"]
[Site "Al Ain"]
[Date "2013.12.21"]
[Round "3"]
[White "Rasulov, Vugar Ural Oglu"]
[Black "Zayan, Osama"]
[Result "1-0"]
[WhiteElo "2529"]
[BlackElo "2234"]
[PlyCount "57"]
[EventDate "2013.12.19"]
[EventType "swiss"]
[EventRounds "9"]
[EventCountry "UAE"]
[SourceTitle "CBM 158 Extra"]
[Source "ChessBase"]
[SourceDate "2014.02.28"]
[SourceVersion "1"]
[SourceVersionDate "2014.02.28"]
[SourceQuality "1"]

1. c4 e5 2. Nc3 Nf6 3. g3 Bb4 4. Bg2 0-0 5. Nf3 Nc6 6. 0-0 e4 7. Ng5 Bxc3 8. bxc3 Re8 9. d3 exd3 10. exd3 b6 11. Nf3 Bb7 12. Nh4 d5 13. cxd5 Nxd5 14. Bb2 Qd7 15. c4 Nde7 16. Qh5 Rab8 17. Rae1 Nd4 18. Bxb7 Rxb7 19. Re4 Ne6 20. Rfe1 c5 21. f4 Rbb8 22. f5 Nd4 23. Bxd4 cxd4 24. Qe2 Kf8 25. f6 gxf6 26. Qf3 Ng8 27. Nf5 Re5 28. Rxe5 fxe5 29. Rxe5 1-0

[Event "Cairo Heliopolis op 2nd"]
[Site "Cairo"]
[Date "2010.06.01"]
[Round "3"]
[White "Eldardery, Alaa"]
[Black "Zayan, Osama"]
[Result "0-1"]
[WhiteElo "2233"]
[BlackElo "2183"]
[PlyCount "64"]
[EventDate "2010.05.30"]
[EventType "swiss"]
[EventRounds "9"]
[EventCountry "EGY"]
[SourceTitle "EXT 2011"]
[Source "ChessBase"]
[SourceDate "2010.11.26"]
[SourceVersion "1"]
[SourceVersionDate "2010.11.26"]
[SourceQuality "1"]

1. d4 Nf6 2. c4 g6 3. Nc3 d5 4. cxd5 Nxd5 5. e4 Nxc3 6. bxc3 Bg7 7. Nf3 0-0 8. Be2 c5 9. 0-0 cxd4 10. cxd4 Nc6 11. Be3 Bg4 12. Rb1 Bxf3 13. Bxf3 Bxd4 14. Bxd4 Nxd4 15. Rxb7 e5 16. Be2 Rc8 17. Kh1 Rc2 18. Bd3 Rxa2 19. f4 exf4 20. Bc4 Rc2 21. Bb3 Rc8 22. Bd5 Qf6 23. Qg4 Rb8 24. Rxa7 Nc2 25. h3 g5 26. Qe2 Ne3 27. Rf2 Rb1+ 28. Kh2 g4 29. g3 fxg3+ 30. Kxg3 Qd6+ 31. Rf4 Rg1+ 32. Kh2 Rg2+ 0-1

[Event "Mahalla op 11th"]
[Site "Mahalla"]
[Date "2009.02.05"]
[Round "8"]
[White "Zayan, Osama"]
[Black "Raslan, Moustafa"]
[Result "1-0"]
[WhiteElo "2167"]
[BlackElo "2127"]
[PlyCount "40"]
[EventDate "2009.01.30"]
[EventType "swiss"]
[EventRounds "9"]
[EventCountry "EGY"]
[SourceTitle "CBM 128 Extra"]
[Source "ChessBase"]
[SourceDate "2009.03.05"]
[SourceVersion "2"]
[SourceVersionDate "2009.03.25"]
[SourceQuality "1"]

1. e4 e6 2. d4 d5 3. Nd2 Nf6 4. e5 Nfd7 5. Bd3 c5 6. c3 b6 7. Ndf3 cxd4 8. cxd4 Ba6 9. Bb1 Qc7 10. Ne2 Qc4 11. a3 Be7 12. Nf4 0-0 13. Be3 Qc7 14. h4 g6 15. Ng5 Bxg5 16. hxg5 Nc6 17. Nh5 Rfc8 18. Nf6+ Nxf6 19. gxf6 Nxe5 20. Rxh7 Nc4 1-0

[Event "Mahalla op 11th"]
[Site "Mahalla"]
[Date "2009.02.01"]
[Round "4"]
[White "Zayan, Osama"]
[Black "Sadek, Sameh"]
[Result "1/2-1/2"]
[WhiteElo "2167"]
[BlackElo "2302"]
[PlyCount "49"]
[EventDate "2009.01.30"]
[EventType "swiss"]
[EventRounds "9"]
[EventCountry "EGY"]
[SourceTitle "CBM 128 Extra"]
[Source "ChessBase"]
[SourceDate "2009.03.05"]
[SourceVersion "2"]
[SourceVersionDate "2009.03.25"]
[SourceQuality "1"]

1. e4 c5 2. Nf3 a6 3. c3 d5 4. exd5 Qxd5 5. d4 Nf6 6. Be2 e6 7. Be3 cxd4 8. cxd4 Nc6 9. Nc3 Qd6 10. Qb3 Qb4 11. Qc2 Be7 12. 0-0 0-0 13. a3 Qd6 14. Rfd1 b5 15. Ng5 Bb7 16. d5 Ne5 17. f4 Ng6 18. dxe6 Qc7 19. exf7+ Kh8 20. Rf1 Ne5 21. Nd5 Bc5 22. Rf2 g6 23. Bh5 b4 24. Ne4 Rxf7 25. Rf3 1/2-1/2

[Event "EGY-ch final"]
[Site "Cairo"]
[Date "2007.12.05"]
[Round "5"]
[White "Zayan, Osama"]
[Black "Ibrahim, Hatim"]
[Result "0-1"]
[WhiteElo "2231"]
[BlackElo "2280"]
[PlyCount "70"]
[EventDate "2007.12.01"]
[EventType "swiss"]
[EventRounds "9"]
[EventCountry "EGY"]
[SourceTitle "EXT 2019"]
[Source "ChessBase"]
[SourceDate "2018.10.10"]
[SourceVersion "1"]
[SourceVersionDate "2018.10.10"]
[SourceQuality "1"]

1. e4 c5 2. c3 g6 3. d4 cxd4 4. cxd4 Bg7 5. Nf3 d5 6. exd5 Nf6 7. Bb5+ Nbd7 8. d6 exd6 9. Qe2+ Qe7 10. Qxe7+ Kxe7 11. 0-0 Nb6 12. Nc3 h6 13. h3 Be6 14. Re1 a6 15. Bd3 Rac8 16. Bf4 Nfd5 17. Nxd5+ Nxd5 18. Bd2 Kd7 19. Rad1 Ne7 20. Bc3 Bxa2 21. Ne5+ dxe5 22. dxe5 Kc7 23. Bb4 Nc6 24. Bd6+ Kb6 25. b4 Bf8 26. Be4 Bxd6 27. exd6 Nxb4 28. g4 Rhd8 29. f4 Rc3 30. f5 g5 31. Bg2 Rd3 32. Rxd3 Nxd3 33. Re7 Nc5 34. Re2 Bb3 35. Rd2 a5 0-1